| 000 | 01188cam a2200325 i 4500 | ||
|---|---|---|---|
| 001 | 20771875 | ||
| 003 | EG-ScBUE | ||
| 005 | 20250226100000.0 | ||
| 008 | 181207s2019 maua f 001 0 eng d | ||
| 020 | _a9781631597244 | ||
| 040 |
_aDLC _beng _erda _cDLC _dDLC _dEG-ScBUE |
||
| 082 | 0 | 4 |
_a736.95 _222 _bSON |
| 100 | 1 |
_aSone, Makiko, _eauthor. |
|
| 245 | 1 | 0 |
_aUltimate soap carving : _beasy, oddly satisfying techniques for creating beautiful designs : [40+ step-by-step tutorials] / _cMakiko Sone. |
| 264 | 1 |
_aBeverly, MA, USA : _bQuarry, _c2019. |
|
| 300 |
_a128 pages : _bcolor illustrations ; _c28 cm |
||
| 336 |
_atext _btxt _2rdacontent |
||
| 337 |
_aunmediated _bn _2rdamedia |
||
| 338 |
_avolume _bnc _2rdacarrier |
||
| 500 | _aIncludes index. | ||
| 650 | 7 |
_aSoap sculpture. _2BUEsh |
|
| 650 | 7 |
_aCarving (Decorative arts) _2BUEsh |
|
| 650 | 7 |
_aModeling. _2BUEsh |
|
| 653 |
_cFebruary2025 _bPPhrm |
||
| 655 | _vReading book | ||
| 906 |
_a7 _bcbc _corignew _d1 _eecip _f20 _gy-gencatlg |
||
| 942 |
_2ddc _cBB |
||
| 999 |
_c30931 _d30902 |
||